Spot goes clip, clop / (Record no. 9496)

MARC details
000 -LEADER
fixed length control field 01004nam a22002777a 4500
001 - CONTROL NUMBER
control field 9496
003 - CONTROL NUMBER IDENTIFIER
control field FISKH
005 - DATE AND TIME OF LATEST TRANSACTION
control field 20260115101639.0
008 - FIXED-LENGTH DATA ELEMENTS--GENERAL INFORMATION
fixed length control field 260115b cb ||||| |||| 00| 0 eng d
020 ## - INTERNATIONAL STANDARD BOOK NUMBER
International Standard Book Number 9781880892596
040 ## - CATALOGING SOURCE
Original cataloging agency FISKH
Language of cataloging eng
Transcribing agency FISKH
Modifying agency FISKH
050 ## - LIBRARY OF CONGRESS CALL NUMBER
Classification number PZ7
082 ## - DEWEY DECIMAL CLASSIFICATION NUMBER
Classification number 636
100 ## - MAIN ENTRY--PERSONAL NAME
Personal name Strayer, Debbie
Relator term Author
245 ## - TITLE STATEMENT
Title Spot goes clip, clop /
Statement of responsibility, etc. Written by Debbie Strayer ; illustrations by Joy Majewski
260 ## - PUBLICATION, DISTRIBUTION, ETC.
Place of publication, distribution, etc. Melrose :
Name of publisher, distributor, etc. Common Sense Press ,
Date of publication, distribution, etc. 1998
300 ## - PHYSICAL DESCRIPTION
Extent 10 pages :
Other physical details illustrations ;
Dimensions 22 cm
505 ## - FORMATTED CONTENTS NOTE
Formatted contents note C<br/>
520 ## - SUMMARY, ETC.
Summary, etc. Spot goes clip, clop is a simple animal story that follows Spot the horse as he moves around making sounds like “clip, clop.”<br/>The story focuses on animal movement, sound words (onomatopoeia), very simple actions and repetition.
521 8# - TARGET AUDIENCE NOTE
Target audience note 150<br/>
Source Lexile estimate<br/>
521 8# - TARGET AUDIENCE NOTE
Target audience note C<br/>
Source Raz-Plus<br/>
650 ## - SUBJECT ADDED ENTRY--TOPICAL TERM
Topical term or geographic name entry element Reading for beginners
Form subdivision Sound
700 ## - ADDED ENTRY--PERSONAL NAME
Personal name Majewski, Joy
Relator term Illustrator
942 ## - ADDED ENTRY ELEMENTS (KOHA)
Source of classification or shelving scheme Dewey Decimal Classification
Koha item type Books
Suppress in OPAC No
Holdings
Withdrawn status Lost status Source of classification or shelving scheme Damaged status Not for loan Collection Home library Current library Shelving location Date acquired Total Checkouts Full call number Barcode Date last seen Copy number Price effective from Koha item type
    Dewey Decimal Classification     Juvenile Fiction Footprints International School Library Network Toul Tom Poung Campus Footprints International School Library Network Toul Tom Poung Campus TTP Primary Green Bookshelves 01/15/2026   STR 636 PZ7 FISSE03021 01/15/2026 1 01/15/2026 Books